| 000 | 00482nam a2200157 i 4500 | ||
|---|---|---|---|
| 001 | 75906 | ||
| 003 | ES-MaACL | ||
| 005 | 20230906172640.0 | ||
| 007 | t| | ||
| 008 | 040928s1947 dr ||||1| spa d | ||
| 100 | 1 |
_aGruning, Alberto. _960253 |
|
| 245 | 1 | 3 |
_aEl comunismo y sus fracasos _b: (breve reseña histórica) / _cAlberto Gruning. |
| 260 |
_aCiudad Trujillo : _bMontalvo, _c1947 ( _fVirgilio Montalvo) |
||
| 300 |
_a33 p. ; _c25 cm. |
||
| 852 |
_aES-MaACL _j1951-F-10 _bR.34728 |
||
| 999 |
_c75906 _d75906 |
||